000 00872cab a2200289 4500
001 WB3506-33
008 090401t1999 xxu||||| |||| 00| 0 eng d
035 _a(Sirsi) u91210
041 _aeng
245 _aGreen beats greed
260 _c1999
350 _a0
490 _aBuilding Design
_v(1381) 5 February 1999, 3(1)
520 _aMinisterial approval has been given for a site to be sold to a housing project because of its environmental benefits, although it was not the highest bidder.
650 _aBROWNFIELD SITES
650 _aECO-FRIENDLY
650 _aENVIRONMENTAL VALUE
650 _aENVIRONMENTALLY FRIENDLY
650 _aGREEN HOMES
650 _aHOUSING ASSOCIATION
650 _aLOCAL GOVERNMENT ACT 1972
650 _aNEW HOMES
650 _aURBAN VILLAGE
690 _aHOUSING-DEVELOPMENT
942 _n0
948 _c10/02/1999
999 _c57883
_d57883